000 00584cam a22001817a 4500
008 180718b2003 xxu||||| |||| 00| 0 eng d
020 _a0821353489
082 _aD47x861 G448
245 _aColombia: the economic foundation of peace
_cedited by Marcelo M. Giugale, Olivier Lafourcade and Connie Luff
260 _aWashington, D.C.
_bThe World Bank
_c2003
300 _a994p.
650 _aColombia - Economic conditions
650 _aViolence - Colombia
650 _aPeace - Colombia
700 _aLuff, Connie
700 _aLafourcade, Olivier
700 _aGiugale, Marcelo M.
999 _c288812
_d288812